000 00487nam a2200181Ia 4500
005 20250326124009.0
008 250326s9999 xx 000 0 und d
037 _aTextbook
040 _aFMSL
_beng
_cFMSL
041 _aeng
_2eng
084 _aX K7
_qFMSL
100 _aSamuelson P A
245 0 _aReadings in economics
_cSamuelson P A; Coleman J R And Others
260 _aNY
_bNY, Mcgraw-Hill
_c1967
300 _a446p
942 _cTB
_hX K7
999 _c1271814
_d1271814